1377 1890 1696 1474 1537 1221 1187 1672 1884 1146 1512 1624 1014 1550 1063 1788 1050 1426 1544 1455 1577 1601 1622 1082 1214 1909 1450 1316 1641 1143 1066 1145 1609 1864 1472 1234 1995 1813 1107 1123 1123 1047 1564 1037 1229 1910 1112 1414 1626 1875 1596 1146 1944 1208 1854 1373 1363 1551 1785 1132 1770 1311 1096 1604 1001 1820 1588 1188 1926 1583 1727 1757 1377 1017 1897 1176 1190 1550 1212 1008 1633 1812 1795 1752 1396 1499 1290 1213 1564 1830 1379 1127 1493 1857 1832 1920 1693 1685 1732 BCNSPRNW ULIB Ver.6.0+V

เปลี่ยนเป็นภาษาไทย

Change to English
 แสดงรายละเอียดบรรณานุกรม
  กลับหน้าหลัก

Brief Record : Get Marc (ISO 2709) : E-mail record : QR code < ปิดหน้าต่าง
LEADER : 00000nam 2200000uu 4500
001    13399110167
003     ULIB
008    110425s2548||||th 000 0 tha d
020    974991922X
060  4 WK810^bฐ224ร 2548
100 0  ฐิติชัย ลาภจรัสสุริยา
245 00 รู้จักโรคเบาหวานและอาหารสำหรับผู้ป่วย/^cฐิติชัย ลาภจรัสสุริยา
260    กรุงเทพฯ:^bบ้านหนังสือ,^c2548
300    152 หน้า
650  7 เบาหวาน
650  7 อาหราสำหรับเบาหวาน
995    ทศพร
999 ^a ใช้งานได้ทุกระบบ
รายการนี้ยังไม่มีแท็ก
คุณยังไม่ได้ล็อกอิน คุณสามารถมีกิจกรรมร่วมกับเว็บไซต์ได้ แต่ต้องล็อกอินก่อน ::
  ล็อกอิน

รายการสื่อสารสนเทศ

ลำดับที่ ประเภท เลขเรียก/บาร์โค้ด สถานที่ สถานะ
- ไม่พบข้อมูล -

รายการใกล้เคียง
    หัวเรื่อง [เบาหวาน]

BibComment


ยังไม่เคยถูกคอมเมนท์

คอมเมนท์ทรัพยากรรายการนี้
  คอมเมนท์: รู้จักโรคเบาหวานแ..


 Copyright 2026. Bcnsprnw @Library